MARC

LEADER 00000nam0a2200000 4500
001 303454
005 20231102001614.0
035 |a (RuTPU)RU\TPU\book\328677 
035 |a RU\TPU\book\320871 
090 |a 303454 
100 |a 20150902d1983 km y0rusy50 ca 
101 0 |a rus 
102 |a RU 
105 |a a z 001zy 
200 1 |a Труд и социальное развитие социалистического общества  |f А. С. Пашков [и др.]  |g Ленинградский государственный университет (ЛГУ), Научно-исследовательский институт комплексных социальных исследований (НИИКСИ) ; под ред. А. С. Пашкова, В. А. Сухина 
210 |a Ленинград  |c Изд-во Ленинградского ун-та  |d 1983 
215 |a 207 с.  |c ил. 
225 1 |a Человек и общество  |v Вып. 18 
320 |a Библиография в ссылках. 
606 1 |a Общественный труд  |2 stltpush  |3 (RuTPU)RU\TPU\subj\36551  |9 57889 
606 1 |a Социализм  |x Философия  |2 stltpush  |3 (RuTPU)RU\TPU\subj\55619  |9 73627 
610 1 |a социальное развитие 
610 1 |a социалистическое общество 
610 1 |a развитой социализм 
610 1 |a трудовая деятельность 
610 1 |a социальные отношения 
610 1 |a личность 
610 1 |a формирование 
686 |a У013.753  |v LBC/SL-A  |2 rubbk 
686 |a Ю621.17  |v LBC/SL-A  |2 rubbk 
701 1 |a Пашков  |b А. С. 
701 1 |a Саакян  |b В. А. 
701 1 |a Бойко  |b О. Е. 
701 1 |a Грибовский  |b Ю. В. 
702 1 |a Пашков  |b А. С.  |4 340 
702 1 |a Сухин  |b В. А.  |4 340 
712 0 2 |a Ленинградский государственный университет (ЛГУ)  |b Научно-исследовательский институт комплексных социальных исследований (НИИКСИ)  |c (1965-1991)  |2 stltpush  |3 (RuTPU)RU\TPU\col\22071 
801 1 |a RU  |b 63413507  |c 20150526 
801 2 |a RU  |b 63413507  |c 20190702  |g RCR 
942 |c BK